Score 0/61 Timer 10:00
0 Plays Today
English Japanese % Correct
Catネコ neko
94.6%
Dogイヌ inu
90.3%
Rabbitウサギ usagi
76.3%
Bearクマ kuma
73.4%
Horseウマ uma
73%
Pandaパンダ panda
70.5%
Fox キツネ kitsune
69.8%
Pigブタ buta
66.2%
Lionライオン raion
66.2%
Monkeyサル saru
65.8%
Mouseネズミ nezumi
65.5%
Tigerトラ tora
60.8%
Elephantゾウ zou
60.4%
Gorillaゴリラ gorira
58.6%
Wolf オオカミ ookami
57.9%
Raccoon Dogタヌキ tanuki
56.5%
Giraffeキリン kirin
54.7%
Deerシカ shika
54.3%
Cattleウシ ushi
51.4%
Sheepヒツジ hitsuji
51.4%
Kangarooカンガルー kangaru-
48.6%
Whaleクジラ kujira
47.1%
Squirrelリス risu
43.5%
Dolphinイルカ iruka
40.6%
Llamaラマ rama
39.9%
Camelラクダ rakuda
37.1%
Goatヤギ yagi
36.3%
Cheetahチーター chi-ta-
35.3%
Hippoカバ kaba
33.8%
Rhinoサイ sai
28.4%
Skunkスカンク sukanku
28.1%
English Japanese % Correct
Batコウモリ koumori
26.3%
Hyenaハイエナ haiena
24.1%
Donkeyロバ roba
23.7%
Beaverビーバー bi-ba-
22.7%
Hedgehogハリネズミ harinezumi
21.9%
Chimpanzeeチンパンジー chimpanji-
20.9%
Moleモグラ mogura
19.8%
Weaselイタチ itachi
19.8%
Raccoonアライグマ araiguma
16.5%
Slothナマケモノ namakemono
14.7%
Anteaterアリクイ arikui
14.7%
Armadilloアルマジロ arumajiro
14.4%
Martenテン ten
12.6%
Sealアザラシ azarashi
12.2%
Guinea Pigモルモット morumotto
11.5%
Otterカワウソ kawauso
11.5%
Tapirバク baku
10.8%
Platypusカモノハシ kamonohashi
9%
Echidnaハリモグラ harimogura
8.6%
Lemurキツネザル kitsunezaru
7.6%
Leopardヒョウ hyou
7.6%
Badgerアナグマ anaguma
7.6%
Walrusセイウチ seiuchi
7.6%
Sea Lionアシカ ashika
7.2%
Shrewトガリネズミ togarinezumi
6.5%
Aardvarkツチブタ tsuchibuta
6.1%
Civetジャコウネコ jakouneko
5.8%
Antelopeレイヨウ reiyou
4.3%
Pangolinセンザンコウ senzankou
4%
Wolverineクズリ kuzuri
3.6%

You're not logged in!

Compare scores with friends on all Sporcle quizzes.
OR
Log In

Sporcle TV

Today on Sporcle TV


Watch our educational content, quiz creation guides, and fun videos on Sporcle TV.

Show Comments

Extras

Top Quizzes Today


Score Distribution

Paid Content

Your Account Isn't Verified!

In order to create a playlist on Sporcle, you need to verify the email address you used during registration. Go to your Sporcle Settings to finish the process.

Report this User

Report this user for behavior that violates our Community Guidelines.

Details: